Řidič tvrdý chleba má... Pravidla provozu na silnicích v socialistickém Československu
Saved in:
| Main Author | |
|---|---|
| Format | Electronic eBook |
| Language | Czech |
| Published |
Karolinum
2022
|
| Edition | 1. elektronické vydání |
| Subjects | |
| Online Access | Dostupné v BOOKPORT po přihlášení pomocí eduID |
| ISBN | 978-80-246-5378-5 978-80-246-5333-4 |
| Physical Description | 1 online zdroj (296 stran) |
| LEADER | 00000nam a2200000 i 4500 | ||
|---|---|---|---|
| 001 | bkp527493008 | ||
| 003 | CZ-prgp | ||
| 005 | 20230925151155.0 | ||
| 006 | m o d | ||
| 007 | cr cn | ||
| 008 | 230925s2022 xr o 000 0 cze | ||
| 020 | |a 978-80-246-5378-5 |c 240 Kč |q (online ; pdf) | ||
| 020 | |a 978-80-246-5333-4 |c 340 Kč |q (print) | ||
| 040 | |a Grada |b cze |e rda | ||
| 100 | 1 | |a Štemberk, Jan | |
| 245 | 1 | 0 | |a Řidič tvrdý chleba má... |b Pravidla provozu na silnicích v socialistickém Československu |c Jan Štemberk |
| 250 | |a 1. elektronické vydání | ||
| 264 | 1 | |b Karolinum |c 2022 | |
| 300 | |a 1 online zdroj (296 stran) | ||
| 336 | |a text |b txt |2 rdacontent | ||
| 337 | |a počítač |b c |2 rdamedia | ||
| 338 | |a online zdroj |b cr |2 rdacarrier | ||
| 520 | 3 | |a Předložená monografie si klade za cíl představit vývoj pravidel chování v silničním provozu v éře socialismu, tedy v letech 1948-1989. Ve zkoumaném období prošel motorismus bouřlivým rozvojem, provoz na silnicích a ulicích zhoustl a úměrně tomu stoupala nehodovost. Ta se stávala impulsem ke změnám, v nichž se promítala ideologická, politická, dopravněbezpečnostní a ekonomická hlediska. Vedle vlastních pravidel silničního provozu se monografie zabývá i problematikou dopravních nehod, technického stavu vozidel, dopravního značení či pojištění. Pozornost je věnována také praktickým detailům, jako je používání ochranných přileb nebo bezpečnostních pásů, obsah výcviku řidičů a jejich zkoušek či testování alkoholu za volantem. | |
| 650 | 0 | 4 | |a Automobily |
| 856 | 4 | 0 | |u https://www.bookport.cz/AccountSaml/SignIn/?idp=https://shibboleth.utb.cz/idp/shibboleth&returnUrl=/kniha/ridic-tvrdy-chleba-ma-12159/ |y Dostupné v BOOKPORT po přihlášení pomocí eduID |